Представление документа в формате RUSMARC

ПолеНазваниеЗначение
  Тип записи a
  Библиографический уровень m
001 Контрольный номер d0c8bc1dba5e46149a901ecdb6978c16
005 Дата корректировки 20140616100300.4
010 Индекс ISBN __
a ISBN 5-8459-0761-6
200 Заглавие и сведения об ответственности 1_
a Заглавие Турция
f Первые сведения об ответственности А. Е. Борзенко, А. Е. Борзенко
210 Выходные данные 1_
c Издательство Диалектика
a Место издания М.
d Дата издания 2005
215 Физическое описание __
a Объем 477,[3] с.
225 Серия 2_
a Серия Самостоятельные путешествия
610 Ключевые слова 0_
a Ключевые слова Турция
610 Ключевые слова 0_
a Ключевые слова путеводитель
686 Индексы других классификаций __
a Классификационный индекс 26.89
2 Код системы rubbk
700 Автор _1
a Фамилия Борзенко
b Имя А. Е.
g Полное личное имя Алексей Евгеньевич
701 Альтернативная интеллектуальная ответственность _1
a Фамилия Борзенко
b Имя А. Е.
g Полное личное имя Андрей Евгеньевич
801 Источник записи _0
a Страна RU
b Организация РУК
c Дата составления 20030305
g Правила каталогизации PSBO
801 Источник записи _1
a Страна RU
b Организация РУК
c Дата составления 20030305
g Правила каталогизации PSBO
852 Данные о местонахождении __
i Авторский знак Б 82
j Шифр хранения ББК 26
901 Тип документа __
t Тип документа m
938 Служебная информация __
a Название организации Головной вуз
b Имя БД BOOK
c Название АИБС АИБС ИРБИС